|
|
|
|
| LEADER |
01113nam a2200253 a 4500 |
| 001 |
3921600 |
| 008 |
100103s1992 cou b 001 0 eng d |
| 010 |
|
|
|a 92003850
|
| 020 |
|
|
|a 0813308143 (alk. paper)
|
| 020 |
|
|
|a 0813308151 (pbk. : alk. paper)
|
| 040 |
|
|
|a DLC
|c DLC
|d DLC
|d BD-DhAAL
|
| 082 |
0 |
0 |
|a 327.1/01
|2 20
|
| 100 |
1 |
|
|a Brown, Seyom.
|
| 245 |
1 |
0 |
|a International relations in a changing global system :
|b toward a theory of the world polity /
|c Seyom Brown.
|
| 260 |
|
|
|a Boulder :
|b Westview Press,
|c 1992.
|
| 300 |
|
|
|a x, 190 p. ;
|c 23 cm.
|
| 504 |
|
|
|a Includes bibliographical references (p. 174-181) and index.
|
| 541 |
1 |
|
|e 00008034
|
| 650 |
|
0 |
|a International relations.
|
| 650 |
|
0 |
|a International organization.
|
| 852 |
4 |
|
|a Ayesha Abed Library
|j General shelf
|
| 999 |
|
|
|c 6644
|d 6644
|
| 952 |
|
|
|0 0
|1 0
|2 ddc
|4 0
|6 327_101000000000000_INT_1992
|7 0
|9 6807
|a BRACUL
|b BRACUL
|c GEN
|d 2010-01-03
|l 1
|m 2
|o 327.101 INT
|p 3010008034
|r 2025-12-07
|s 2025-11-10
|t 1
|w 2010-01-03
|y BK
|
| 952 |
|
|
|0 0
|1 0
|2 ddc
|4 0
|6 327_101000000000000_INT
|7 0
|9 42980
|a SCL
|b SCL
|c GEN
|d 2002-06-02
|l 0
|o 327.101 INT
|p 3020003866
|r 2014-07-07
|t 2
|w 2014-07-07
|y BK
|